Roman names of European cities - Statistics

General Stats
  • This quiz has been taken 58 times
    57 since last reset
  • The average score is 15 of 28
Answer Stats
Hint Answer % Correct
Venetia Venice
100%
Florentia Florence
98%
Londinium London
98%
Roma Rome
98%
Neapolis Naples
96%
Lutetia Paris
83%
Corduba Cordoba
81%
Massilia Marseille
79%
Mediolanum Milan
75%
Lugdunum Lyon
60%
Panormus Palermo
56%
Vindobona Vienna
54%
Salamantica Salamanca
52%
Burdigala Bordeaux
42%
Colonia Agrippina Cologne
42%
Toletum Toledo
42%
Eboracum York
40%
Ragusa Dubrovnik
38%
Spalatum Split
38%
Aquincum Budapest
31%
Narbo Narbonne
29%
Gades Cádiz
25%
Carthago Nova Cartagena
23%
Caesaraugusta Zaragoza
23%
Hispalis Sevilla
19%
Augusta Treverorum Trier
19%
Caralis Cagliari
17%
Augusta Vindelicorum Augsburg
15%
No matching quizzes found
Score Distribution
Percent of People with Each Score
Percentile by Number Answered
Your Score History
You have not taken this quiz since the last reset